Celebraciones penitenciales / (Record no. 27954)

MARC details
000 -LEADER
campo de control de longitud fija 00648nam a2200205 i 4500
001 - NÚMERO DE CONTROL
campo de control 27954
003 - IDENTIFICADOR DE NÚMERO DE CONTROL
campo de control ES-MaACL
005 - FECHA Y HORA DE LA ÚLTIMA TRANSACCIÓN
campo de control 20230906153733.0
007 - CAMPO FIJO DE DESCRIPCIÓN FÍSICA--INFORMACIÓN GENERAL
campo de control de longitud fija t|
008 - DATOS DE LONGITUD FIJA--INFORMACIÓN GENERAL
campo de control de longitud fija 030115s1971 sp ||||1| spa d
100 1# - ENTRADA PRINCIPAL--NOMBRE DE PERSONA
Nombre de persona Baciocchi, Jean de.
9 (RLIN) 24498
245 10 - MENCIÓN DEL TÍTULO
Título Celebraciones penitenciales /
Mención de responsabilidad, etc. Jean de Baciocchi, Rozier, Aubry ; liminar de H. denis ; [traducción por Carlos Castro].
260 ## - PUBLICACIÓN, DISTRIBUCIÓN, ETC.
Lugar de publicación, distribución, etc. Madrid :
Nombre del editor, distribuidor, etc. Marova,
Fecha de publicación, distribución, etc. [1971]
300 ## - DESCRIPCIÓN FÍSICA
Extensión 120 p. ;
Dimensiones 21 cm.
700 1# - ENTRADA AGREGADA--NOMBRE PERSONAL
Nombre de persona Rozier, Claude.
9 (RLIN) 100256
700 1# - ENTRADA AGREGADA--NOMBRE PERSONAL
Nombre de persona Aubry, André.
9 (RLIN) 23822
700 1# - ENTRADA AGREGADA--NOMBRE PERSONAL
Nombre de persona Denis, Henri.
9 (RLIN) 43701
700 1# - ENTRADA AGREGADA--NOMBRE PERSONAL
Nombre de persona Castro, Carlos.
9 (RLIN) 36837
852 ## - LOCALIZACIÓN
Ubicación ES-MaACL
Número de control de estantería C-44758
Sublocalización o colección R.77536
Holdings
Estatus retirado Estado de pérdida Estado de daño No para préstamo Biblioteca de origen Biblioteca actual Ubicación en estantería Fecha de adquisición Fuente de adquisición Total de préstamos Signatura topográfica completa Código de barras Visto por última vez Precio de reemplazo Tipo de ítem Koha
        Biblioteca del Ateneo de Madrid Biblioteca del Ateneo de Madrid Depósito 2 17/01/2008     C-44758 1028862 23/02/2023 23/02/2023 Libro impreso